000 00871nam a2200253Ia 4500
003 OSt
005 20220923212628.0
006 a|||||r|||| 00| 0
007 ta
008 220922b |||||||| |||| 00| 0 hin d
024 _a154,678
037 _cTextual
040 _aARTS
_cARTS
_bhin
041 _2hin
_ahin
082 _aO1520v8,2:g, L9
100 _aतिवारी, धर्मदेव
_9156271
245 0 _aहिन्दी और असमी के पौराणिक नाटक
246 _aHindī aur asamī ke paurāṇik nāṭaka
260 _aआगरा
_b प्रगति प्रकाशन
_c1979
300 _a323 पृ.
_ccm.
650 _aहिन्दी साहित्य
_9156264
942 _hO1520v8,2:g, L9
_cTEXL
_2CC
999 _c310300
_d310300